000 00806cam a2200193 i 4500
005 20251120114520.0
008 250721s2010 jo gr 000 0 ara d
082 1 4 _a211.03
_bب ه ج
100 1 _aبهجت، مجاهد مصطفى
_eمؤلف.
245 1 0 _aمن مكتبة اعجاز القرآن الكريم :
_bفهرسة وصفية للكتب الحديثة في الاعجاز اللغوي والبياني /
_cالاستاذ الدكتور مجاهد مصطفى بهجت.
250 _aالطبعة الأولى.
264 3 1 _aعمان :
_bدار عمار للنشر،
_c2010.
300 _a296 صفحة.
650 1 7 _aإعجاز القرآن.
650 1 7 _aالإعجاز البلاغي.
650 1 7 _aالفهرسة الوصفية.
942 _2ddc
_cBK
999 _c121062
_d121062